[Event "FIDE Chesscom Grand Swiss 2019"]
[Site "Douglas-Isle of Man"]
[Date "2019.10.13"]
[Round "4.29"]
[White "Eljanov, Pavel"]
[Black "Keymer, Vincent"]
[Result "1/2-1/2"]
[WhiteElo "2663"]
[BlackElo "2506"]
[Annotator "TA"]
[PlyCount "66"]
[EventDate "2019.10.10"]
[EventType "swiss"]
[EventCountry "GBR"]
[SourceTitle "playchess.com"]
[Source "ChessBase"]
[SourceQuality "1"]

{[%evp 26,66,36,11,10,0,11,0,11,10,13,17,23,25,30,10,9,9,9,0,0,0,0,0,0,-92,-65,-79,-43,-34,-43,-43,-20,-42,-32,-39,-29,-30,-22,-39,-23,-22,-14]} 1. d4 Nf6 2. c4 e6 3. Nf3 d5 4. Nc3 c5 5. cxd5 Nxd5 6. e4 Nxc3 7. bxc3 cxd4 8. cxd4 Bb4+ 9. Bd2 Bxd2+ 10. Qxd2 O-O 11. Bc4 Nd7 12. O-O b6 13. Rfe1 Bb7 14. Rad1 Rc8 {D41: Queen's Gambit Declined: Semi-Tarrasch with 5 cxd5} 15. Bb3 h6 (15... Re8 16. h3 Nf6 17. Qf4 Nh5 18. Qh2 h6 19. Nd2 b5 20. Qe5 Qg5 21. Qxg5 hxg5 22. Nf3 {½-½ (52) Mamedyarov,S (2774)-Ding,L (2805) Zagreb 2019}) 16. Re3 {[#]} Nf6 $146 ({Predecessor:} 16... b5 17. Qe2 Qb6 18. e5 Rfd8 19. Ne1 Bd5 20. Bxd5 exd5 21. e6 fxe6 22. Rxe6 {0-1 (59) Gagare,S (2417)-Sengupta,D (2567) Kolkata 2015}) 17. d5 exd5 18. exd5 {Black should prevent d6.} Qd6 19. Nh4 {[#] Threatens to win with Nf5.} Rfe8 20. Nf5 Qd7 21. Rf3 {Hoping for Nxh6+!} Bxd5 $1 22. Bxd5 Rc5 $1 {[%cal Bc8c5,Bc5d5,Bd5d4][%mdl 32]} ({Much worse is} 22... Qxd5 $6 23. Qxd5 Nxd5 24. Nd6 $16) ({Stronger than} 22... Nxd5 23. g4 $16 (23. Qd4 f6 $11)) 23. Nxh6+ Kf8 {[%cal Rc5d5]} 24. Qb4 {[#] Strongly threatening Bb3.} (24. Rxf6 $2 gxf6 25. Ng4 Qxg4 $17) 24... a5 $1 {[%cal Ra5b4]} 25. Qb1 ({Wrong is} 25. Rxf6 $2 gxf6 26. Qg4 Qxg4 $19) (25. Qxb6 $11 {remains equal.} Rxd5 26. Rf1) 25... Rxd5 $17 26. Rf1 $1 Qb5 27. h3 Qxb1 28. Rxb1 Re6 29. Nf5 g6 30. Ne3 {aiming for Rxf6.} Rd4 31. Rc1 Nd7 32. Rc8+ Re8 33. Rc7 b5 {Accuracy: White = 74%, Black = 69%.} 1/2-1/2

[Event "FIDE Chesscom Grand Swiss 2019"]
[Site "Douglas-Isle of Man"]
[Date "2019.10.13"]
[Round "4.29"]
[White "Sethuraman, S.P."]
[Black "Clarke, Brandon G I"]
[Result "1-0"]
[WhiteElo "2624"]
[BlackElo "2445"]
[Annotator "RC"]
[PlyCount "67"]
[EventDate "2019.10.10"]
[EventType "swiss"]
[EventCountry "GBR"]
[SourceTitle "playchess.com"]
[Source "ChessBase"]
[SourceQuality "1"]
[TimeControl "40/6000+30:20/3000+30:900+30"]

1. e4 {[%emt 0:00:00]} c5 {[%emt 0:00:00]} 2. Nf3 {[%emt 0:00:05]} d6 {[%emt 0:00:00]} 3. Bb5+ {[%emt 0:00:08]} Nd7 {[%emt 0:00:30]} 4. Ba4 {[%emt 0:00:33]} Ngf6 {[%emt 0:00:48]} 5. O-O {[%emt 0:00:44]} a6 {[%emt 0:05:06]} 6. c4 {[%emt 0:01:29]} g6 {[%emt 0:06:33]} 7. Nc3 {[%emt 0:01:18]} Bg7 {[%emt 0:00:11]} 8. d4 {[%emt 0:01:47]} cxd4 {[%emt 0:00:21]} 9. Nxd4 {[%emt 0:00:41]} O-O {[%emt 0:00:27]} 10. h3 {[%emt 0:28:25]} Nc5 {[%emt 0:09:26]} 11. Bc2 {[%emt 0:00:45]} Ne6 {[%emt 0:02:26]} 12. Be3 {[%emt 0:02:42]} Nxd4 {[%emt 0:02:47]} 13. Bxd4 {[%emt 0:00:06]} Be6 {[%emt 0:00:21]} 14. Bd3 {[%emt 0:06:49]} Nd7 {[%emt 0:01:20]} 15. Bxg7 {[%emt 0:00:50]} Kxg7 {[%emt 0:00:04]} 16. b3 {[%emt 0:00:55]} Qa5 {[%emt 0:01:22]} 17. Rc1 {[%emt 0:03:28]} Rfc8 {[%emt 0:01:09]} 18. Qd2 {[%emt 0:07:18]} f6 {[%emt 0:07:13]} 19. Qb2 {[%emt 0:02:47]} Qe5 {[%emt 0:17:42]} 20. Kh1 {[%emt 0:11:35]} g5 {[%emt 0:05:42]} 21. Qd2 {[%emt 0:03:30]} Nc5 {[%emt 0:05:11]} 22. Bb1 {[%emt 0:01:38]} b5 {[%emt 0:03:58]} 23. Nd5 {[%emt 0:03:24]} bxc4 {[%emt 0:06:29]} 24. Rxc4 {[%emt 0:00:47]} a5 {[%emt 0:07:11]} 25. Re1 {[%emt 0:04:33]} Kf7 {[%emt 0:11:01]} 26. Bc2 {[%emt 0:08:52]} Ra6 {[%emt 0:06:40]} 27. Bd1 {[%emt 0:01:22]} Bd7 {[%emt 0:02:09]} 28. g3 {[%emt 0:10:18]} Bc6 {[%emt 0:04:40]} 29. Kh2 {[%emt 0:01:21]} e6 {[%emt 0:01:19]} 30. Nc3 {[%emt 0:00:53]} g4 {[%emt 0:02:18]} 31. Bxg4 {[%emt 0:00:49]} Qg5 {[%emt 0:00:31]} 32. f4 {[%emt 0:02:57]} Qg8 {[%emt 0:00:02]} 33. Qxd6 {[%emt 0:00:36]} Bd5 {[%emt 0:00:59]} 34. Bh5+ {[%emt 0:00:09]} 1-0

[Event "FIDE Chesscom Grand Swiss 2019"]
[Site "Douglas-Isle of Man"]
[Date "2019.10.13"]
[Round "4.30"]
[White "Paravyan, David"]
[Black "Dreev, Aleksey"]
[Result "0-1"]
[WhiteElo "2602"]
[BlackElo "2662"]
[Annotator "RC"]
[PlyCount "72"]
[EventDate "2019.10.10"]
[EventType "swiss"]
[EventCountry "GBR"]
[SourceTitle "playchess.com"]
[Source "ChessBase"]
[SourceQuality "1"]
[TimeControl "40/6000+30:20/3000+30:900+30"]

1. e4 {[%emt 0:00:00]} c5 {[%emt 0:01:33]} 2. Nf3 {[%emt 0:00:00]} e6 {[%emt 0:00:04]} 3. Nc3 {[%emt 0:00:00]} Nc6 {[%emt 0:00:25]} 4. h3 {[%emt 0:00:00]} Qb6 {[%emt 0:07:44]} 5. b3 {[%emt 0:00:01]} d6 {[%emt 0:00:56]} 6. Bb2 {[%emt 0:00:09]} Nf6 {[%emt 0:00:18]} 7. Bb5 {[%emt 0:00:03]} e5 {[%emt 0:07:02]} 8. Qe2 {[%emt 0:03:53]} a6 {[%emt 0:07:04]} 9. Bc4 {[%emt 0:16:08]} Be7 {[%emt 0:01:43]} 10. Nd5 {[%emt 0:13:47]} Nxd5 {[%emt 0:02:22]} 11. exd5 {[%emt 0:00:04]} Nd4 {[%emt 0:04:52]} 12. Nxd4 {[%emt 0:00:24]} cxd4 {[%emt 0:00:19]} 13. O-O-O {[%emt 0:09:27]} O-O {[%emt 0:04:29]} 14. f4 {[%emt 0:00:17]} Bf6 {[%emt 0:01:40]} 15. Rhf1 {[%emt 0:00:12]} Bd7 {[%emt 0:02:57]} 16. Kb1 {[%emt 0:11:22]} Rac8 {[%emt 0:20:05]} 17. Bd3 {[%emt 0:18:52]} Bb5 {[%emt 0:01:30]} 18. Rc1 {[%emt 0:13:27]} Qc5 {[%emt 0:15:41]} 19. Qe4 {[%emt 0:00:35]} Bxd3 {[%emt 0:06:29]} 20. cxd3 {[%emt 0:00:05]} Qa5 {[%emt 0:01:19]} 21. Rxc8 {[%emt 0:11:37]} Rxc8 {[%emt 0:00:11]} 22. Rc1 {[%emt 0:00:03]} Rxc1+ {[%emt 0:02:47]} 23. Bxc1 {[%emt 0:00:03]} g6 {[%emt 0:00:34]} 24. g3 {[%emt 0:06:05]} Kg7 {[%emt 0:03:17]} 25. a3 {[%emt 0:03:02]} h5 {[%emt 0:01:19]} 26. fxe5 {[%emt 0:01:13]} Bxe5 {[%emt 0:01:49]} 27. g4 {[%emt 0:00:03]} hxg4 {[%emt 0:01:18]} 28. hxg4 {[%emt 0:00:03]} Qd8 {[%emt 0:01:17]} 29. a4 {[%emt 0:02:05]} Kh6 {[%emt 0:01:51]} 30. Bb2 {[%emt 0:01:22]} Qf6 {[%emt 0:00:22]} 31. Qh1+ {[%emt 0:00:05]} Kg5 {[%emt 0:00:41]} 32. Qc1 {[%emt 0:00:05]} Kxg4 {[%emt 0:08:15]} 33. Qc8+ {[%emt 0:00:03]} Kf3 {[%emt 0:00:16]} 34. a5 {[%emt 0:01:53]} g5 {[%emt 0:01:47]} 35. Qh3+ {[%emt 0:00:04]} Kf2 {[%emt 0:00:36]} 36. Kc2 {[%emt 0:00:31]} Qf4 {[%emt 0:00:41]} 0-1

[Event "FIDE Chesscom Grand Swiss 2019"]
[Site "Douglas-Isle of Man"]
[Date "2019.10.13"]
[Round "4.30"]
[White "Cramling, Pia"]
[Black "Vocaturo, Daniele"]
[Result "1/2-1/2"]
[WhiteElo "2462"]
[BlackElo "2620"]
[Annotator "RC"]
[PlyCount "77"]
[EventDate "2019.10.10"]
[EventType "swiss"]
[EventCountry "GBR"]
[SourceTitle "playchess.com"]
[Source "ChessBase"]
[SourceQuality "1"]
[TimeControl "40/6000+30:20/3000+30:900+30"]

1. d4 {[%emt 0:00:00]} Nf6 {[%emt 0:00:00]} 2. Nf3 {[%emt 0:00:00]} g6 {[%emt 0:00:37]} 3. c4 {[%emt 0:00:13]} Bg7 {[%emt 0:00:39]} 4. Nc3 {[%emt 0:00:20]} d6 {[%emt 0:00:56]} 5. e4 {[%emt 0:00:26]} O-O {[%emt 0:00:35]} 6. Be2 {[%emt 0:00:27]} e5 {[%emt 0:00:54]} 7. d5 {[%emt 0:00:17]} a5 {[%emt 0:01:48]} 8. Bg5 {[%emt 0:01:09]} Na6 {[%emt 0:01:40]} 9. Nd2 {[%emt 0:00:41]} Qe8 {[%emt 0:02:45]} 10. a3 {[%emt 0:13:47]} Bd7 {[%emt 0:02:00]} 11. b3 {[%emt 0:01:10]} Kh8 {[%emt 0:01:38]} 12. Rb1 {[%emt 0:27:08]} Ng8 {[%emt 0:03:12]} 13. O-O {[%emt 0:05:55]} f5 {[%emt 0:01:55]} 14. exf5 {[%emt 0:01:16]} gxf5 {[%emt 0:00:37]} 15. Bh5 {[%emt 0:00:09]} Qb8 {[%emt 0:03:01]} 16. b4 {[%emt 0:01:47]} Nf6 {[%emt 0:03:32]} 17. Re1 {[%emt 0:05:06]} h6 {[%emt 0:10:32]} 18. Bh4 {[%emt 0:00:40]} Nxh5 {[%emt 0:08:11]} 19. Qxh5 {[%emt 0:00:05]} e4 {[%emt 0:00:34]} 20. Rec1 {[%emt 0:14:18]} Be8 {[%emt 0:05:03]} 21. Qe2 {[%emt 0:01:37]} Bg6 {[%emt 0:02:21]} 22. f4 {[%emt 0:01:27]} axb4 {[%emt 0:16:19]} 23. axb4 {[%emt 0:00:06]} c5 {[%emt 0:10:17]} 24. dxc6 {[%emt 0:00:24]} bxc6 {[%emt 0:00:06]} 25. b5 {[%emt 0:04:53]} Nc5 {[%emt 0:01:01]} 26. bxc6 {[%emt 0:00:25]} Qc7 {[%emt 0:00:20]} 27. Nd5 {[%emt 0:03:03]} Qxc6 {[%emt 0:00:13]} 28. Rb6 {[%emt 0:02:08]} Qd7 {[%emt 0:01:03]} 29. Rcb1 {[%emt 0:02:50]} Rf7 {[%emt 0:04:24]} 30. Bf2 {[%emt 0:01:36]} Nd3 {[%emt 0:02:01]} 31. Be3 {[%emt 0:00:22]} Kh7 {[%emt 0:02:10]} 32. Nb3 {[%emt 0:01:20]} Rc8 {[%emt 0:07:23]} 33. Na5 {[%emt 0:03:57]} Qa4 {[%emt 0:04:27]} 34. Qd2 {[%emt 0:03:09]} Qd7 {[%emt 0:04:34]} 35. h3 {[%emt 0:01:11]} Qe6 {[%emt 0:02:53]} 36. Nc6 {[%emt 0:03:55]} Qd7 {[%emt 0:01:55]} 37. Na5 {[%emt 0:00:30]} Qe6 {[%emt 0:00:22]} 38. Nc6 {[%emt 0:04:29]} Qd7 {[%emt 0:01:57]} 39. Na5 {[%emt 0:00:53]} 1/2-1/2

[Event "FIDE Chesscom Grand Swiss 2019"]
[Site "Douglas-Isle of Man"]
[Date "2019.10.13"]
[Round "4.31"]
[White "Tari, Aryan"]
[Black "So, Wesley"]
[Result "1/2-1/2"]
[WhiteElo "2630"]
[BlackElo "2767"]
[Annotator "TA"]
[PlyCount "79"]
[EventDate "2019.10.10"]
[EventType "swiss"]
[EventCountry "GBR"]
[SourceTitle "playchess.com"]
[Source "ChessBase"]
[SourceQuality "1"]

{[%evp 12,79,18,25,27,28,23,22,33,29,37,42,27,31,38,21,39,28,29,21,28,29,22,20,22,0,0,0,0,0,0,0,0,0,3,6,0,0,0,-15,-3,-24,-26,-18,-23,-16,-18,-29,-17,-27,0,0,0,0,0,0,0,0,0,-14,-15,-14,-5,-8,0,0,0,0,0,0]} 1. e4 e5 2. Nf3 Nc6 3. Bb5 Nf6 4. O-O Nxe4 5. Re1 Nd6 6. Nxe5 Be7 7. Bf1 Nf5 {C67: Ruy Lopez: Berlin Defence: 4 0-0 Nxe4} 8. Nf3 d5 9. d4 O-O 10. c3 Re8 11. Bd3 Bd6 12. Rxe8+ Qxe8 13. Nbd2 Nce7 14. Qc2 {[#]} g6 $146 ({Predecessor:} 14... f6 15. Nf1 {½-½ (37) Shankland,S (2666)-So,W (2822) Saint Louis 2017}) 15. Nf1 f6 16. Bd2 Be6 17. Re1 Qd7 18. Ng3 Re8 19. b3 Ng7 20. c4 Bxg3 21. hxg3 Bf5 22. Bxf5 Qxf5 23. Qxf5 Nexf5 24. Rc1 Ne7 25. Ba5 Ne6 26. Bb4 Nc6 27. cxd5 Nxb4 28. dxe6 $11 {[%mdl 4096] Endgame KRN-KRN} c6 29. Re1 Kf8 30. g4 g5 31. Nd2 {The position is equal.} Nc2 32. Re4 Ke7 33. Nc4 Rd8 34. Na5 Rxd4 35. Rxd4 Nxd4 36. Nxb7 Kxe6 {KN-KN} 37. Kf1 Ke5 38. Nc5 Kd5 39. Nd7 Ke6 $1 {[%cal Re6d7]} 40. Nc5+ $1 {Accuracy: White = 73%, Black = 75%.} 1/2-1/2

[Event "FIDE Chesscom Grand Swiss 2019"]
[Site "Douglas-Isle of Man"]
[Date "2019.10.13"]
[Round "4.31"]
[White "L'Ami, Erwin"]
[Black "Danielian, Elina"]
[Result "1-0"]
[WhiteElo "2619"]
[BlackElo "2385"]
[Annotator "RC"]
[PlyCount "79"]
[EventDate "2019.10.10"]
[EventType "swiss"]
[EventCountry "GBR"]
[SourceTitle "playchess.com"]
[Source "ChessBase"]
[SourceQuality "1"]
[TimeControl "40/6000+30:20/3000+30:900+30"]

1. Nf3 {[%emt 0:00:00]} d5 {[%emt 0:00:00]} 2. d4 {[%emt 0:00:07]} Nf6 {[%emt 0:00:00]} 3. c4 {[%emt 0:00:07]} dxc4 {[%emt 0:00:00]} 4. e3 {[%emt 0:00:10]} e6 {[%emt 0:00:00]} 5. Bxc4 {[%emt 0:00:11]} c5 {[%emt 0:00:02]} 6. O-O {[%emt 0:00:15]} Nc6 {[%emt 0:00:28]} 7. Nc3 {[%emt 0:01:17]} a6 {[%emt 0:00:36]} 8. Be2 {[%emt 0:00:58]} cxd4 {[%emt 0:01:47]} 9. Nxd4 {[%emt 0:01:15]} Bd7 {[%emt 0:02:40]} 10. Bf3 {[%emt 0:10:16]} Qc7 {[%emt 0:03:34]} 11. Nxc6 {[%emt 0:13:03]} Bxc6 {[%emt 0:00:07]} 12. Bxc6+ {[%emt 0:09:33]} Qxc6 {[%emt 0:00:04]} 13. e4 {[%emt 0:00:28]} Nxe4 {[%emt 0:16:10]} 14. Nxe4 {[%emt 0:07:13]} Qxe4 {[%emt 0:00:04]} 15. Re1 {[%emt 0:03:06]} Qf5 {[%emt 0:02:24]} 16. g4 {[%emt 0:06:26]} Qb5 {[%emt 0:02:41]} 17. a4 {[%emt 0:03:49]} Qa5 {[%emt 0:04:05]} 18. Bf4 {[%emt 0:09:37]} Rd8 {[%emt 0:29:06]} 19. Qf3 {[%emt 0:04:58]} Bd6 {[%emt 0:01:13]} 20. Bxd6 {[%emt 0:10:50]} Rxd6 {[%emt 0:00:39]} 21. Qxb7 {[%emt 0:00:25]} O-O {[%emt 0:00:06]} 22. b4 {[%emt 0:00:38]} Qg5 {[%emt 0:00:16]} 23. Qg2 {[%emt 0:03:16]} Rfd8 {[%emt 0:02:14]} 24. h3 {[%emt 0:01:32]} h5 {[%emt 0:14:33]} 25. Rab1 {[%emt 0:07:47]} hxg4 {[%emt 0:06:50]} 26. Qxg4 {[%emt 0:00:41]} Qd2 {[%emt 0:00:31]} 27. b5 {[%emt 0:01:17]} axb5 {[%emt 0:01:14]} 28. axb5 {[%emt 0:00:11]} e5 {[%emt 0:12:45]} 29. Qf3 {[%emt 0:02:01]} Rg6+ {[%emt 0:00:40]} 30. Kf1 {[%emt 0:00:17]} Rf6 {[%emt 0:03:50]} 31. Qe3 {[%emt 0:00:31]} Qd5 {[%emt 0:00:36]} 32. Qe4 {[%emt 0:00:11]} Qc5 {[%emt 0:01:31]} 33. Re2 {[%emt 0:01:47]} Rb8 {[%emt 0:02:18]} 34. Rc2 {[%emt 0:00:47]} Qa3 {[%emt 0:00:43]} 35. Kg2 {[%emt 0:01:19]} Rh6 {[%emt 0:00:31]} 36. Qe3 {[%emt 0:00:51]} Qd6 {[%emt 0:00:54]} 37. Kh2 {[%emt 0:02:14]} Qd5 {[%emt 0:02:44]} 38. Rc5 {[%emt 0:01:50]} Qa2 {[%emt 0:00:26]} 39. Rg1 {[%emt 0:00:44]} Qe6 {[%emt 0:00:25]} 40. Rc6 {[%emt 0:00:23]} 1-0

[Event "FIDE Chesscom Grand Swiss 2019"]
[Site "Douglas-Isle of Man"]
[Date "2019.10.13"]
[Round "4.32"]
[White "Anand, Viswanathan"]
[Black "Parligras, Mircea-Emilian"]
[Result "1/2-1/2"]
[WhiteElo "2765"]
[BlackElo "2629"]
[Annotator "TA"]
[PlyCount "61"]
[EventDate "2019.10.10"]
[EventType "swiss"]
[EventCountry "GBR"]
[SourceTitle "playchess.com"]
[Source "ChessBase"]
[SourceQuality "1"]

{[%evp 9,61,8,29,22,27,19,22,11,25,14,15,0,21,5,0,14,28,-7,6,6,4,0,12,-1,-4,-24,-7,-10,-2,-12,-12,-2,0,0,0,-10,0,0,0,0,0,0,0,0,0,0,0,0,0,0,0,0,0,0]} 1. d4 Nf6 2. c4 e6 3. Nf3 d5 4. g3 Bb4+ 5. Bd2 Bd6 (5... Be7 6. Bg2 O-O 7. O-O Nbd7 8. a4 a5 9. Qc2 c6 10. Na3 Ne4 11. Bf4 g5 12. Be3 f5 13. Rad1 Qe8 14. Qc1 h6 15. Ne5 Kh7 {½-½ (104) Nakamura,H (2743)-Karjakin,S (2750) Saint Louis 2019}) 6. Bg2 {E01: Catalan: Early deviations} c6 7. Qc2 Nbd7 8. O-O O-O 9. Rd1 Ne4 10. Be3 Qe7 $146 ({Predecessor:} 10... f5 11. Nfd2 Ndf6 12. Nxe4 fxe4 {1-0 (48) Kumar,N (2268)-Eames,R (2185) Budapest 2018}) 11. Ne1 Nef6 12. b3 b6 13. Nd3 Bb7 14. Nc3 Rac8 15. a4 a5 16. Rac1 Rfd8 17. Bf4 Bxf4 (17... Ba3 {is more complex.} 18. Ra1 Bb4 19. Rab1 Ba6 20. Qb2 h6) 18. Nxf4 {The position is equal.} Ba6 19. cxd5 cxd5 20. Qb2 Nb8 21. e3 Nc6 22. Nd3 Nb4 23. Nxb4 Qxb4 24. Na2 Qd6 (24... Qf8 {keeps more tension.} 25. Nc3 h5 26. h4 Qb4 27. Na2 Qe7) 25. Rxc8 Rxc8 26. Rc1 Rc6 27. Rxc6 Qxc6 28. Nc3 h6 29. Bf1 Bxf1 30. Kxf1 Ne8 31. Nb5 {Accuracy: White = 49%, Black = 75%.} 1/2-1/2

[Event "FIDE Chesscom Grand Swiss 2019"]
[Site "Douglas-Isle of Man"]
[Date "2019.10.13"]
[Round "4.32"]
[White "Gavrilescu, David"]
[Black "Lu, Shanglei"]
[Result "0-1"]
[WhiteElo "2451"]
[BlackElo "2602"]
[Annotator "RC"]
[PlyCount "68"]
[EventDate "2019.10.10"]
[EventType "swiss"]
[EventCountry "GBR"]
[SourceTitle "playchess.com"]
[Source "ChessBase"]
[SourceQuality "1"]
[TimeControl "40/6000+30:20/3000+30:900+30"]

1. e4 {[%emt 0:00:00]} c5 {[%emt 0:00:00]} 2. Nf3 {[%emt 0:00:20]} d6 {[%emt 0:00:00]} 3. Bb5+ {[%emt 0:00:45]} Nd7 {[%emt 0:00:16]} 4. c3 {[%emt 0:00:41]} Ngf6 {[%emt 0:01:13]} 5. Bd3 {[%emt 0:00:30]} a6 {[%emt 0:10:23]} 6. Bc2 {[%emt 0:01:12]} b5 {[%emt 0:02:42]} 7. d4 {[%emt 0:00:51]} e5 {[%emt 0:02:54]} 8. d5 {[%emt 0:01:27]} Nb6 {[%emt 0:06:27]} 9. O-O {[%emt 0:04:55]} g6 {[%emt 0:01:18]} 10. Qe2 {[%emt 0:05:27]} Bd7 {[%emt 0:06:43]} 11. b3 {[%emt 0:02:53]} Bg7 {[%emt 0:03:30]} 12. a4 {[%emt 0:04:47]} O-O {[%emt 0:05:31]} 13. Bd2 {[%emt 0:11:34]} bxa4 {[%emt 0:16:24]} 14. bxa4 {[%emt 0:00:53]} Qe8 {[%emt 0:00:05]} 15. a5 {[%emt 0:16:57]} Bb5 {[%emt 0:01:01]} 16. Bd3 {[%emt 0:00:13]} Bxd3 {[%emt 0:00:25]} 17. Qxd3 {[%emt 0:00:06]} Nbxd5 {[%emt 0:13:59]} 18. Re1 {[%emt 0:08:48]} Qb8 {[%emt 0:00:26]} 19. exd5 {[%emt 0:08:45]} e4 {[%emt 0:00:52]} 20. Rxe4 {[%emt 0:01:26]} Nxe4 {[%emt 0:00:26]} 21. Qxe4 {[%emt 0:00:06]} Qb2 {[%emt 0:00:07]} 22. Qa4 {[%emt 0:04:02]} Rab8 {[%emt 0:01:59]} 23. Be1 {[%emt 0:04:29]} Rb5 {[%emt 0:24:15]} 24. h4 {[%emt 0:07:11]} Re8 {[%emt 0:01:54]} 25. Nbd2 {[%emt 0:00:38]} Bxc3 {[%emt 0:00:59]} 26. Rb1 {[%emt 0:04:44]} Rxe1+ {[%emt 0:00:09]} 27. Rxe1 {[%emt 0:00:07]} Bxd2 {[%emt 0:00:05]} 28. Re8+ {[%emt 0:04:21]} Kg7 {[%emt 0:00:03]} 29. Re7 {[%emt 0:09:29]} Qf6 {[%emt 0:03:54]} 30. Qe4 {[%emt 0:01:38]} Rb4 {[%emt 0:00:14]} 31. Qe2 {[%emt 0:00:36]} Rb1+ {[%emt 0:00:39]} 32. Kh2 {[%emt 0:00:02]} Bf4+ {[%emt 0:00:07]} 33. g3 {[%emt 0:00:07]} Rb2 {[%emt 0:00:07]} 34. Qe1 {[%emt 0:04:56]} Be5 {[%emt 0:00:37]} 0-1

[Event "FIDE Chesscom Grand Swiss 2019"]
[Site "Douglas-Isle of Man"]
[Date "2019.10.13"]
[Round "4.33"]
[White "Volokitin, Andrei"]
[Black "Le, Quang Liem"]
[Result "1/2-1/2"]
[WhiteElo "2627"]
[BlackElo "2708"]
[Annotator "TA"]
[PlyCount "63"]
[EventDate "2019.10.10"]
[EventType "swiss"]
[EventCountry "GBR"]
[SourceTitle "playchess.com"]
[Source "ChessBase"]
[SourceQuality "1"]

{[%evp 9,63,15,32,18,32,32,32,30,30,16,16,25,31,22,20,22,25,16,35,33,39,35,45,33,49,36,41,27,44,27,27,27,39,6,13,0,0,0,0,0,0,0,0,0,0,0,0,0,19,18,16,0,0,0,0,0]} 1. e4 c6 2. d4 d5 3. e5 Bf5 4. Nd2 e6 5. Nb3 c5 {[%mdl 64] [#] Decoy} 6. dxc5 {B12: Caro-Kann: Advance Variation} Bxc5 7. Nxc5 Qa5+ 8. c3 {White is slightly better.} Qxc5 9. Be3 Qc7 10. f4 Ne7 11. Be2 $146 ({Predecessor:} 11. Nf3 Nbc6 12. Be2 {1-0 (36) Perunovic,M (2577)-Akobian,V (2625) Wheeling 2012}) 11... O-O 12. Nf3 Nbc6 13. O-O Rfd8 14. Rc1 Rac8 15. Bf2 Be4 16. Nd2 Bg6 17. Nb3 Na5 18. Nd4 a6 19. b3 Be4 20. Qd2 h6 21. g4 Nac6 {The position is equal.} 22. Bh4 Qb6 23. Bf2 {[#] Black must now prevent Nxe6!} (23. h3 {is more complex.} Rd7 24. Kh2 Qa5 25. Nxc6 Nxc6 26. Rfd1) 23... Nxd4 24. cxd4 Rxc1 25. Rxc1 Rc8 26. Rxc8+ Nxc8 27. Qc3 Ne7 28. b4 Qc6 29. Qxc6 Nxc6 30. a3 Na7 31. Bh4 Nb5 32. Bxb5 $1 {Accuracy: White = 63%, Black = 62%.} 1/2-1/2

[Event "FIDE Chesscom Grand Swiss 2019"]
[Site "Douglas-Isle of Man"]
[Date "2019.10.13"]
[Round "4.33"]
[White "Gonzalez Vidal, Yuri"]
[Black "Soumya, Swaminathan"]
[Result "1/2-1/2"]
[WhiteElo "2552"]
[BlackElo "2365"]
[Annotator "ChessBase"]
[PlyCount "87"]
[EventDate "2019.10.10"]
[EventType "swiss"]
[EventCountry "GBR"]
[SourceTitle "playchess.com"]
[Source "ChessBase"]
[SourceQuality "1"]
[TimeControl "40/6000+30:20/3000+30:900+30"]

1. e4 {[%emt 0:00:00]} c5 {[%emt 0:00:00]} 2. Nf3 {[%emt 0:00:00]} Nc6 {[%emt 0:00:00]} 3. Bb5 {[%emt 0:00:00]} g6 {[%emt 0:00:00]} 4. Bxc6 {[%emt 0:00:20]} dxc6 {[%emt 0:00:00]} 5. d3 {[%emt 0:00:15]} Bg7 {[%emt 0:00:00]} 6. h3 {[%emt 0:00:16]} Nf6 {[%emt 0:00:07]} 7. Nc3 {[%emt 0:00:35]} Nd7 {[%emt 0:00:23]} 8. Be3 {[%emt 0:00:31]} e5 {[%emt 0:00:22]} 9. Qd2 {[%emt 0:00:38]} h6 {[%emt 0:00:05]} 10. O-O {[%emt 0:02:11]} b6 {[%emt 0:00:15]} 11. Nh2 {[%emt 0:05:55]} Nf8 {[%emt 0:01:58]} 12. Ne2 {[%emt 0:00:49]} Ne6 {[%emt 0:16:19]} 13. Rae1 {[%emt 0:03:52]} Qd6 {[%emt 0:17:45]} 14. b3 {[%emt 0:05:23]} g5 {[%emt 0:09:15]} 15. Ng3 {[%emt 0:18:40]} Nf4 {[%emt 0:01:55]} 16. Bxf4 {[%emt 0:04:03]} exf4 {[%emt 0:02:10]} 17. e5 {[%emt 0:08:21]} Qg6 {[%emt 0:00:06]} 18. Ne4 {[%emt 0:00:16]} O-O {[%emt 0:02:23]} 19. Qc3 {[%emt 0:01:24]} Bf5 {[%emt 0:08:00]} 20. Nf6+ {[%emt 0:14:03]} Bxf6 {[%emt 0:21:02]} 21. exf6 {[%emt 0:00:09]} Rae8 {[%emt 0:00:20]} 22. Nf3 {[%emt 0:01:12]} Re6 {[%emt 0:01:39]} 23. Rxe6 {[%emt 0:01:56]} fxe6 {[%emt 0:00:06]} 24. Re1 {[%emt 0:01:16]} Qxf6 {[%emt 0:04:04]} 25. Qxf6 {[%emt 0:09:16]} Rxf6 {[%emt 0:00:36]} 26. Ne5 {[%emt 0:00:02]} Kg7 {[%emt 0:13:01]} 27. a4 {[%emt 0:01:50]} Rf8 {[%emt 0:00:05]} 28. a5 {[%emt 0:03:54]} b5 {[%emt 0:02:39]} 29. Nxc6 {[%emt 0:11:06]} a6 {[%emt 0:00:08]} 30. Re5 {[%emt 0:00:09]} c4 {[%emt 0:00:13]} 31. Nb4 {[%emt 0:04:20]} cxb3 {[%emt 0:06:37]} 32. cxb3 {[%emt 0:00:04]} Rc8 {[%emt 0:00:44]} 33. Nxa6 {[%emt 0:01:37]} Ra8 {[%emt 0:00:08]} 34. Nc7 {[%emt 0:06:29]} Rxa5 {[%emt 0:00:02]} 35. d4 {[%emt 0:00:08]} Ra7 {[%emt 0:03:11]} 36. Ne8+ {[%emt 0:01:34]} Kg6 {[%emt 0:00:40]} 37. Nd6 {[%emt 0:00:08]} Rd7 {[%emt 0:01:29]} 38. Nxf5 {[%emt 0:04:15]} exf5 {[%emt 0:00:02]} 39. Rxb5 {[%emt 0:00:40]} Rxd4 {[%emt 0:00:01]} 40. Rb6+ {[%emt 0:00:23]} Kg7 {[%emt 0:00:22]} 41. Rb7+ {[%emt 0:51:12]} Kg6 {[%emt 0:51:36]} 42. Rb6+ {[%emt 0:00:00]} Kg7 {[%emt 0:00:00]} 43. Rb7+ {[%emt 0:00:00]} Kg6 {[%emt 0:00:00]} 44. Rb6+ {[%emt 0:00:00]} 1/2-1/2